| 000 | 00358nam a22001457a 4500 | ||
|---|---|---|---|
| 003 | SGT | ||
| 020 | _a978-93-88077-61-3 | ||
| 082 |
_a615.10 _bPAT |
||
| 100 | _aPATIL, KETAN | ||
| 245 | _a THE THEORY AND PRACTICAL BOOK OF INDUSTRIAL PHARMACY -I | ||
| 260 |
_aINDIA _bIP PUB. _c2026 |
||
| 300 | _a207 | ||
| 650 | _aINDUSTRIAL PHARMACY -I | ||
| 942 |
_2ddc _cBK |
||
| 999 |
_c34191 _d34191 |
||